<?xml version="1.0" encoding="UTF-8"?><?xml-stylesheet type="text/xsl" href="static/style.xsl"?><OAI-PMH xmlns="http://www.openarchives.org/OAI/2.0/" xmlns:xsi="http://www.w3.org/2001/XMLSchema-instance" xsi:schemaLocation="http://www.openarchives.org/OAI/2.0/ http://www.openarchives.org/OAI/2.0/OAI-PMH.xsd"><responseDate>2026-06-01T16:24:27Z</responseDate><request verb="GetRecord" identifier="oai:riuma.uma.es:10630/26918" metadataPrefix="marc">https://riuma.uma.es/rest/oai/request</request><GetRecord><record><header><identifier>oai:riuma.uma.es:10630/26918</identifier><datestamp>2026-02-03T12:53:29Z</datestamp><setSpec>com_10630_25813</setSpec><setSpec>com_10630_3139</setSpec><setSpec>com_10630_10</setSpec><setSpec>col_10630_25853</setSpec></header><metadata><record xmlns="http://www.loc.gov/MARC21/slim" xmlns:dcterms="http://purl.org/dc/terms/" xmlns:doc="http://www.lyncode.com/xoai" xmlns:xsi="http://www.w3.org/2001/XMLSchema-instance" xsi:schemaLocation="http://www.loc.gov/MARC21/slim http://www.loc.gov/standards/marcxml/schema/MARC21slim.xsd">
   <leader>00925njm 22002777a 4500</leader>
   <datafield ind2=" " ind1=" " tag="042">
      <subfield code="a">dc</subfield>
   </datafield>
   <datafield ind2=" " ind1=" " tag="720">
      <subfield code="a">Rodríguez, Juan Antonio</subfield>
      <subfield code="e">author</subfield>
   </datafield>
   <datafield ind2=" " ind1=" " tag="720">
      <subfield code="a">Redondo, Ana</subfield>
      <subfield code="e">author</subfield>
   </datafield>
   <datafield ind2=" " ind1=" " tag="720">
      <subfield code="a">Belandria, Jossué</subfield>
      <subfield code="e">author</subfield>
   </datafield>
   <datafield ind2=" " ind1=" " tag="260">
      <subfield code="c">2022-12-29</subfield>
   </datafield>
   <datafield ind2=" " ind1=" " tag="520">
      <subfield code="a">Según la «Teoría de la Acción Situacional» (TAS) para que un acto violento tenga lugar, el autor debe percibir primero la violencia como una alternativa de acción. La probabilidad de contemplar o pensar en los actos de violencia como una opción de respuesta a una provocación dependerá del «filtro moral», es decir, de la interacción entre la moralidad del autor y del contexto moral del escenario en el que se encuentra. Aunque algunos estudios han analizado el rol del filtro moral en el proceso de percepción-elección, todavía no se ha investigado sobre (1) las diferencias de género en el proceso de contemplación (percepción) de la violencia física como una opción conductual ante un conflicto de pareja íntima; y (2) la generalidad explicativa y predictiva de la TAS respecto al desempeño del filtro moral en función del género. Basándonos en una muestra de estudiantes universitarios, este estudio utiliza una encuesta factorial con viñetas para explorar estos dos aspectos. Nuestros resultados indican que no hay diferencias entre hombres y mujeres en los niveles medios de contemplación de la violencia íntima. Además, observamos muchas semejanzas entre hombres y mujeres en los correlatos y predictores involucrados en el filtrado moral de la violencia. Sin embargo, las pocas diferencias de género encontradas cuestionan la completa efectividad explicativa de la TAS, lo que compromete de alguna manera su referida generalidad.</subfield>
   </datafield>
   <datafield ind1="8" ind2=" " tag="024">
      <subfield code="a">Rodríguez, J. A., Redondo, A., Belandria, J., &amp; Garrido, N. (2022). El «filtrado moral» de la violencia física en conflictos de parejas íntimas. Una prueba parcial de la Teoría de la Acción Situacional en función del género. Boletín Criminológico, (28). Recuperado a partir de https://revistas.uma.es/index.php/boletin-criminologico/article/view/16091</subfield>
   </datafield>
   <datafield ind1="8" ind2=" " tag="024">
      <subfield code="a">https://hdl.handle.net/10630/26918</subfield>
   </datafield>
   <datafield tag="653" ind2=" " ind1=" ">
      <subfield code="a">Violencia de género - Aspectos psicológicos</subfield>
   </datafield>
   <datafield tag="653" ind2=" " ind1=" ">
      <subfield code="a">Violencia familiar - Aspectos psicológicos</subfield>
   </datafield>
   <datafield ind2="0" ind1="0" tag="245">
      <subfield code="a">El «filtrado moral» de la violencia física en conflictos de parejas íntimas. Una prueba parcial de la Teoría de la Acción Situacional en función del género.</subfield>
   </datafield>
</record>
</metadata></record></GetRecord></OAI-PMH>